| 000 | 00772cam a2200265 a 4500 | ||
|---|---|---|---|
| 008 | |||
| 020 | _a0340569573 (pbk.) | ||
| 049 | _aMAIN | ||
| 090 |
_aRB111 _bMUR |
||
| 245 | 0 | 0 |
_aMuir's textbook of pathology / _cedited by Roderick N.M. MacSween and Keith Whaley. |
| 250 | _a13th ed. | ||
| 260 |
_aLondon : _bArnold, _c1992. |
||
| 300 |
_axvi, 1245 p. : _bill. ; _c25 cm. |
||
| 504 | _aIncludes bibliographical references. | ||
| 500 | _aIncludes index. | ||
| 650 | 2 | _aPathology. | |
| 653 | 0 |
_aHumans _aPathology. |
|
| 700 | 1 | _aMacSween, Roderick N. M. | |
| 700 | 1 | _aWhaley, Keith. | |
| 907 |
_a.b10334142 _b15-08-13 _c16-07-13 |
||
| 003 | |||
| 005 | 20230120204133.0 | ||
| 040 | _cNUST | ||
| 942 |
_cBOOKS _kRB111 _mMUR |
||
| 999 |
_c117801 _d117801 |
||